000 00672nas a2200241 4500
001 BR5900100
003 BR-BrBNA
005 20231205082020.0
007 ta
008 230509b bl.|||p| |||| 00| 00por d
040 _aBR-BrBNA
_bpor
_cBiblioteca Nacional de Agricultura
041 _a(Pt)
072 _aE15; D50
100 1 _aGredilha, A.
245 1 _aComentarios a lei brasileira de cooperativas
650 _aMicroeconomia
650 _aLegislacao
650 _aCooperativa
650 _aLei
773 0 _tSul - Coop. Cooperativismo (Brazil)
_x
_g(Nov 1959), v. 10(59) p. 11-13
_wBR5900100
909 _a202311
_bLúcia
_c55
_dLúcia Elande
942 _2AGRIS
_n0
_cANA
999 _c88570
_d88570